| 000 | 00808nam a2200193 a 4500 | ||
|---|---|---|---|
| 008 | 130516s2012 ||||||||||||||||| || u | ||
| 050 | _aACU(05)LINK/2012/14 | ||
| 110 | _aThe Association of Commonwealth Universities (ACU) | ||
| 245 | 1 | 0 |
_aLINK: librarians of the future _cby The Association of Commonwealth Universities [ACU] |
| 260 |
_aLondon: _bAssociation of Commonwealth Universities (ACU) _c2012 |
||
| 300 | _a12p.: ill. | ||
| 362 | 1 | _a<p>Issue 14, January 2012</p> | |
| 490 | _aThe ACU Libraries & Information Network | ||
| 490 | _vNo. 14 | ||
| 500 | _aBibliography | ||
| 650 | _aLIBRARIANSHIP--EVOLUTION | ||
| 650 | _aCHANGING ROLES OF LIBRARIANS | ||
| 995 |
_FCBU-MAIN LIBRARY (Kitwe) _M1 _UAVAILABLE _WJul 12, 2013 _ZInternational Publications |
||
| 999 |
_c49332 _d49332 |
||